20 ciudades mas grandes de America del sur(en orden) - Estadísticas

Estadísticas generales
  • Esta prueba ha sido intentada 112 veces
    98 desde el último reinicio
  • La puntuación promedio es 14 de 20
Estadísticas de respuestas
Imagen Hint Respuesta % Correcto
13.693.657 Buenos Aires
98%
9.904.727 Lima
98%
6.683.852 Santiago
98%
9.286.225 Bogotá
96%
12.280.702 Rio de Janeiro
95%
5.322.310 Caracas
91%
21.090.792 Sao Paulo
91%
2.653.330 Quito
83%
3.777.009 Medellín
80%
2.911.278 Cali
77%
2.952.159 Guayaquil
70%
4.201.737 Brasília
65%
5.829.923 Belo Horizonte
59%
3.914.397 Recife
53%
3.985.297 Fortaleza
51%
2.576.836 Maracaibo
51%
4.258.926 Porto Alegre
47%
3.953.290 Salvador
40%
3.502.804 Curitiba
35%
3.094.181 Campinas
11%
No se encontraron pruebas coincidentes
Distribución de puntuación
Porcentaje de gente con cada puntuación
Porcentaje por número respondido
Historial de tus puntuaciones
No has intentado esta prueba desde el último reinicio